| 000 | 00484nam a2200145Ia 4500 | ||
|---|---|---|---|
| 041 | _aArabic | ||
| 082 | _a361,5 cut-392 س | ||
| 100 | _a20260118u\\\\\\\\\\\y0engy0103\\\\ba | ||
| 100 | _aشبكة العدالة للسجناء | ||
| 245 | 0 | _aاوضاع حقوق الاحداث في التشريعات الوطنية ومديريات الاصلاح والتاهيل في العراق | |
| 250 | _aط1 | ||
| 260 |
_aبغداد -العراق _c2018 |
||
| 300 | _a176 | ||
| 942 | _cBk | ||
| 999 |
_c187623 _d187623 |
||